| 000 | 00472nam a2200169Ia 4500 | ||
|---|---|---|---|
| 999 |
_c5687 _d5687 |
||
| 003 | OSt | ||
| 005 | 20200128101906.0 | ||
| 008 | 190216s9999||||xx |||||||||||||| ||und|| | ||
| 020 | _a8174460799 | ||
| 040 | _coclc | ||
| 082 |
_a658.3 _bTYA/O |
||
| 100 |
_aTyagi, Archana _91517 |
||
| 245 | 0 |
_aOrganisational Behaviour / _cArchana Tyagi |
|
| 260 |
_bExcel Books, _c1998. _aNew Delhi: |
||
| 300 | _a310p | ||
| 942 |
_cBK _2ddc _h658.3 _iTYA/O _k658.3 _mTYA/O |
||